| 000 | 00695nam a2200181 a 4500 | ||
|---|---|---|---|
| 001 | 000045803 | ||
| 005 | 20201002052443.0 | ||
| 008 | 150515s2004 dr a 000 0 spa d | ||
| 040 |
_aDO-SdBNP _bspa _cBNPHU |
||
| 041 | 1 | 7 |
_aeng _hspa |
| 082 |
_axxxx _bxxxx |
||
| 100 | 1 |
_aMiura, Iván _957566 |
|
| 245 | 1 | 4 |
_aLos exploradores : _bprimeros monumentos de américa = First monuments in of américas / _cIván Miura ; traducción Ramón Cedano Melo ; diseño y realización Heidi Santana ; ilustración Hansel Duarte. |
| 260 |
_aSanto Domingo : _bEdiciones Discovery, _cs. f. |
||
| 300 |
_a12 p. : _bil. ; _c28 cm. |
||
| 700 | 1 | 2 |
_aCedano Melo, Ramón, _etr. _91744 |
| 700 | 1 | 2 |
_aDuarte, Hansel, _eil. _973880 |
| 999 |
_c45292 _d45292 |
||